Usual Suspects: The Lineup Quiz Stats

 Plays Quiz not verified by Sporcle

Challenge
Share
Tweet
Score 0/5 Timer 00:30
0 Plays Today
% Correct
Verbal Kint
93.8%
Dean Keaton
87.6%
Fred Fenster
82.1%
Todd Hockney
81.8%
Michael McManus
81.1%

You're not logged in!

Compare scores with friends on all Sporcle quizzes.
Join for Free
OR
Log In

You Might Also Like...

Show Comments

Extras

Top Quizzes Today


Score Distribution

Your Account Isn't Verified!

In order to create a playlist on Sporcle, you need to verify the email address you used during registration. Go to your Sporcle Settings to finish the process.

Report this User

Report this user for behavior that violates our Community Guidelines.

Details: